000 00373 a2200109 4500
001 ART_3189
005 20260410161712.0
008 260409a
245 1 0 _aUn modelo simple sobre el comportamiento macroeconómico argentino en el corto plazo
100 1 _aPorto, Alberto
773 0 _tDesarrollo económico
_g- Vol. 15, Nº 59 (oct./dic. 1975)
_wREV1174
999 _c16223
_d16223